History Quiz

Random History or Century Quiz
Score 0/23 Timer 05:00
2 Plays Today
% Correct
South Africa
Mandela's funeral
96.9%
UK
Brexit
94.3%
Japan
Fukushima Daiichi disaster
92.1%
Germany
Mark replaced
87.9%
USA
Curiosity launched
87.2%
Brazil
Germany wins
FIFA World Cup
86.3%
Iceland
Eruption
83.9%
Greece
Olympics
81.7%
China
Chang'e 1 probe launched
78%
Iraq
Capture of
Hussein
73.2%
Argentina
Pope Francis
70.2%
Indonesia
Tsunami
69%
% Correct
Afghanistan
US invasion
68.5%
Egypt
Mubarak
resigns
67.6%
Russia
Beslan school siege
63.1%
Ukraine
Orange Rev.
61.8%
South Sudan
Independence
61.8%
Pakistan
Capture of
bin Laden
58.3%
Netherlands
ICC
52.6%
Philippines
President Arroyo
46.4%
Nepal
Became republic
37.9%
Myanmar
Cyclone Nargis
34.9%
Kyrgyzstan
Tulip Rev.
12.9%
Remove Ads.
Support Sporcle.
Get the best of Sporcle when you Go Orange. This ad-free experience offers more features, more stats, and more fun while also helping to support Sporcle. Thank you for becoming a member.

You're not logged in!

Compare scores with friends on all Sporcle quizzes.
OR
Log In

Show Comments

Extras

Top Quizzes Today


Score Distribution

Your Account Isn't Verified!

In order to create a playlist on Sporcle, you need to verify the email address you used during registration. Go to your Sporcle Settings to finish the process.

Report this User

Report this user for behavior that violates our Community Guidelines.

Details: